Phân lập vi khuẩn nội sinh có tính kháng khuẩn trong cây nghệ vàng (Curcuma longa L.) : Luận văn tốt nghiệp Cao học. Chuyên ngành Công nghệ Sinh học
Đề tài nghiên cứu nhằm tìm kiếm những dòng vi khuẩn nội sinh có tính kháng khuẩn trong cây nghệ vàng trồng ở Việt Nam.
Saved in:
| Main Author: | |
|---|---|
| Format: | Book |
| Language: | Undetermined |
| Published: |
Cần Thơ
Trường Đại học Cần Thơ
2017
|
| Subjects: | |
| Tags: |
Add Tag
No Tags, Be the first to tag this record!
|
| Institutions: | Trung tâm Học liệu Trường Đại học Cần Thơ |
|---|
| LEADER | 00962nam a2200193Ia 4500 | ||
|---|---|---|---|
| 001 | CTU_224278 | ||
| 008 | 210402s9999 xx 000 0 und d | ||
| 082 | |a 579.3 | ||
| 082 | |b Ng550 | ||
| 100 | |a Chế, Minh Ngữ | ||
| 245 | 0 | |a Phân lập vi khuẩn nội sinh có tính kháng khuẩn trong cây nghệ vàng (Curcuma longa L.) : | |
| 245 | 0 | |b Luận văn tốt nghiệp Cao học. Chuyên ngành Công nghệ Sinh học | |
| 245 | 0 | |c Chế Minh Ngữ ; Nguyễn Hữu Hiệp (Cán bộ hướng dẫn) | |
| 260 | |a Cần Thơ | ||
| 260 | |b Trường Đại học Cần Thơ | ||
| 260 | |c 2017 | ||
| 520 | |a Đề tài nghiên cứu nhằm tìm kiếm những dòng vi khuẩn nội sinh có tính kháng khuẩn trong cây nghệ vàng trồng ở Việt Nam. | ||
| 650 | |a Vi sinh học,Microbiology | ||
| 980 | |a Trung tâm Học liệu Trường Đại học Cần Thơ | ||